LEADER 01327cam0-2200397---450- 001 990005604270403321 005 20150910152209.0 035 $a000560427 035 $aFED01000560427 035 $a(Aleph)000560427FED01 035 $a000560427 100 $a19990604d1962----km-y0itay50------ba 101 1 $aita 102 $aIT 105 $ay-------001yy 200 1 $a<>Livellatori e la rivoluzione inglese$fH. N. Brailsford$ga cura di Christopher Hill$gtraduzione e introduzione di Bruno Maffi 210 $aMilano$cIl Saggiatore$d1962 215 $a2 v.$d21 cm 225 1 $a<>cultura$iStoria, critica, testi$v60. 454 0$1001000363192 610 0 $aRivoluzione puritana 610 0 $aInghilterra$aStoria$a1642-1660 676 $a942.062$v20 700 1$aBrailsford,$bHenry Noel$f<1873-1958>$0200215 702 1$aHill,$bChristopher$f<1912-2003> 702 1$aMaffi,$bBruno$f<1909-2003> 801 0$aIT$bUNINA$gRICA$2UNIMARC 901 $aBK 912 $a990005604270403321 952 $a942.062 BRA 1 (1)$bBibl.35983$fFLFBC 952 $a942.062 BRA 1 (2)$bBibl.35983$fFLFBC 952 $a942.062 BRA 1 (1 BIS)$bBIBL.2015/476$fFLFBC 952 $a942.062 BRA 1 (2 BIS)$bBIBL.2015/477$fFLFBC 959 $aFLFBC 996 $aLivellatori e la rivoluzione inglese$9608999 997 $aUNINA LEADER 00924nam0-22002891--450- 001 990009615710403321 005 20120903172713.0 035 $a000961571 035 $aFED01000961571 035 $a(Aleph)000961571FED01 035 $a000961571 100 $a20120903d1959----km-y0itay50------ba 101 0 $ager 102 $aCH 105 $ay---m---001yy 200 1 $a<>Rechtsschutz in Handelsregistersachen und die Entscheidungskompetenz der Handels-registerbehorden$eDissertation ... 210 $aAarau$cH.R. Sauerlander$d1959 215 $a336$din 8° 676 $a346$v12 rid.$zita 700 1$aSchneider,$bThomas$0517459 801 0$aIT$bUNINA$gRICA$2UNIMARC 901 $aBK 912 $a990009615710403321 952 $aDISSERT. A 243$b65458$fFGBC 959 $aFGBC 996 $aRechtsschutz in Handelsregistersachen und die Entscheidungskompetenz der Handels-registerbehorden$9849107 997 $aUNINA